[Event "Charleville Mezieres op 14th"]
[Site "Charleville Mezieres"]
[Date "2017.12.26"]
[Round "4"]
[White "Fauchart, Francois"]
[Black "Hoch, Anna"]
[Result "0-1"]
[WhiteElo "1685"]
[BlackElo "1412"]
[PlyCount "108"]
[EventDate "2017.12.26"]
[EventType "swiss"]
[EventRounds "7"]
[EventCountry "FRA"]
[SourceTitle "CBM 182 Extra"]
[Source "ChessBase"]
[SourceDate "2018.02.23"]
[SourceVersion "1"]
[SourceVersionDate "2018.02.23"]
[SourceQuality "1"]

1. d4 Nf6 2. c4 d6 3. Nc3 g6 4. e3 Bg7 5. Be2 0-0 6. Nf3 Nc6 7. 0-0 e5 8. d5 Ne7 9. e4 Ne8 10. b4 f5 11. Bd3 f4 12. Bb2 h6 13. Qc2 g5 14. h3 Ng6 15. Rad1 g4 16. hxg4 Bxg4 17. Be2 Bxf3 18. Bxf3 Qg5 19. c5 Nh4 20. Qe2 Rf6 21. Bc1 Rg6 22. g3 Nf6 23. cxd6 cxd6 24. Nb5 Nxf3+ 25. Qxf3 Ng4 26. Nc7 Rc8 27. Ne6 Qh5 28. Qh1 Qxh1+ 29. Kxh1 fxg3 30. fxg3 Nf6 31. Nxg7 Kxg7 32. Rde1 Rxg3 33. Bxh6+ Kxh6 34. Rxf6+ Kh5 35. Rf2 Rcg8 36. Rf5+ R8g5 37. Rf7 Rg7 38. Rxg7 Rxg7 39. Kh2 Rg4 40. Re3 Rh4+ 41. Kg2 Rg4+ 42. Kf2 Rf4+ 43. Ke2 Rh4 44. Kd3 Rh2 45. a3 Kg4 46. Kc4 Rh3 47. Rxh3 Kxh3 48. a4 Kg3 49. Kc3 Kf4 50. Kd3 Kf3 51. b5 b6 52. Kc3 Kxe4 53. Kc4 Kf3 54. Kb4 e4 0-1

[Event "Charleville Mezieres op 14th"]
[Site "Charleville Mezieres"]
[Date "2017.12.26"]
[Round "5"]
[White "Menoux, Joachim"]
[Black "Fauchart, Francois"]
[Result "1/2-1/2"]
[WhiteElo "1525"]
[BlackElo "1685"]
[PlyCount "90"]
[EventDate "2017.12.26"]
[EventType "swiss"]
[EventRounds "7"]
[EventCountry "FRA"]
[SourceTitle "CBM 182 Extra"]
[Source "ChessBase"]
[SourceDate "2018.02.23"]
[SourceVersion "1"]
[SourceVersionDate "2018.02.23"]
[SourceQuality "1"]

1. d4 d5 2. c4 c6 3. Nf3 Nf6 4. e3 e6 5. Nc3 b6 6. Bd3 Bd6 7. 0-0 0-0 8. e4 dxe4 9. Nxe4 Nxe4 10. Bxe4 Be7 11. Ne5 Bb7 12. Qh5 f5 13. Bc2 Qxd4 14. Nf3 Qg4 15. Qxg4 fxg4 16. Nd4 Bc8 17. Be4 Bd7 18. g3 Bc5 19. Be3 e5 20. Nb3 Be7 21. c5 b5 22. Rfd1 a5 23. a4 Be6 24. Nc1 bxa4 25. Rxa4 Bf5 26. Bxf5 Rxf5 27. Rxg4 Na6 28. Rd7 Rf7 29. Nd3 Bf6 30. Rd6 Rc8 31. Bd2 Be7 32. Rd7 Nxc5 33. Nxc5 Bxc5 34. Rxf7 Kxf7 35. Bxa5 Bd4 36. Bc3 c5 37. Kf1 Kg8 38. Ke2 Rf8 39. f3 g6 40. f4 e4 41. f5 Rxf5 42. Bxd4 cxd4 43. Rxe4 Rb5 44. Rxd4 Rxb2+ 45. Rd2 Rb1 1/2-1/2

[Event "FRA-chT4 1516"]
[Site "Champagne Ardennes"]
[Date "2016.01.24"]
[Round "2.4"]
[White "Chebridon, Jean Louis"]
[Black "Fauchart, Francois"]
[Result "1-0"]
[WhiteElo "1620"]
[BlackElo "1686"]
[PlyCount "113"]
[EventDate "2015.12.06"]
[EventType "team-tourn"]
[EventRounds "7"]
[EventCountry "FRA"]
[SourceTitle "EXT 2024"]
[Source "ChessBase"]
[SourceDate "2023.10.10"]
[SourceVersion "1"]
[SourceVersionDate "2023.10.10"]
[SourceQuality "1"]

1. b3 d5 2. Bb2 Nc6 3. e3 e5 4. Nf3 Bd6 5. c4 Nf6 6. cxd5 Nxd5 7. Bc4 Nb6 8. Be2 0-0 9. d3 Re8 10. Nbd2 Bf5 11. 0-0 a6 12. e4 Bg4 13. Nc4 Nxc4 14. dxc4 Bb4 15. Qd5 Bxf3 16. Bxf3 Qg5 17. Qd1 Rad8 18. Bc1 Rxd1 19. Bxg5 Rxf1+ 20. Kxf1 f6 21. Be3 Rd8 22. Rd1 Rxd1+ 23. Bxd1 b6 24. Bg4 Kf7 25. Bd7 Nd8 26. Ke2 Ke7 27. Bg4 Kd6 28. Kd3 Bc5 29. f4 Nc6 30. Bd2 Bg1 31. h3 Bh2 32. f5 Bf4 33. Bc3 Bc1 34. Bh5 Ke7 35. b4 Ba3 36. b5 axb5 37. cxb5 Na7 38. Kc4 Nc8 39. Kd5 Kd7 40. Be2 Ne7+ 41. Kc4 g6 42. g4 gxf5 43. gxf5 Ke8 44. Bd2 Kf7 45. Bh5+ Kg7 46. Be8 Nc8 47. Kd5 Kf8 48. Bd7 Ne7+ 49. Ke6 Kg7 50. Be8 Bd6 51. a4 Nc8 52. a5 Bc5 53. a6 Na7 54. Be1 Kf8 55. Bd7 Kg7 56. Bh4 Bd6 57. Bxf6+ 1-0

[Event "FRA-chT4 1516"]
[Site "Champagne Ardennes"]
[Date "2016.01.10"]
[Round "4"]
[White "Fauchart, Francois"]
[Black "Da Costa, Manuel1111"]
[Result "0-1"]
[WhiteElo "1686"]
[BlackElo "1887"]
[PlyCount "116"]
[EventDate "2015.12.06"]
[EventType "team-tourn"]
[EventRounds "7"]
[EventCountry "FRA"]
[SourceTitle "EXT 2024"]
[Source "ChessBase"]
[SourceDate "2023.10.10"]
[SourceVersion "1"]
[SourceVersionDate "2023.10.10"]
[SourceQuality "1"]

1. d4 Nf6 2. Nf3 g6 3. Bf4 Bg7 4. e3 d6 5. c3 Nbd7 6. Nbd2 Nb6 7. h3 Bf5 8. Be2 0-0 9. 0-0 Rc8 10. Nh4 Bd7 11. Re1 h6 12. Bh2 g5 13. Nhf3 c5 14. dxc5 Rxc5 15. Nd4 e5 16. N4b3 Rc8 17. Bf3 Bc6 18. Na5 Qe7 19. Nxc6 bxc6 20. Be2 d5 21. Ba6 Rcd8 22. Qc2 e4 23. Nb3 Nfd7 24. Na5 Qe6 25. Nb7 Rc8 26. Bd6 Rfe8 27. Bh2 Be5 28. Bxe5 Qxe5 29. Na5 Rc7 30. Nb3 c5 31. Bb5 Re7 32. Na5 Nb8 33. Be2 d4 34. Nc4 Nxc4 35. Bxc4 d3 36. Qd2 Kg7 37. a3 Nd7 38. Bb3 c4 39. Bd1 Nc5 40. a4 a5 41. Rf1 f5 42. f4 exf3 43. Rxf3 Ne4 44. Qe1 Rb7 45. Ra2 Rb6 46. h4 Reb7 47. hxg5 hxg5 48. Qf1 Rh6 49. Rh3 Rxh3 50. gxh3 Qg3+ 51. Qg2 Qxe3+ 52. Kh2 Qf2 53. b3 Qf4+ 54. Kg1 cxb3 55. Rb2 Qc1 56. Kh2 Qxd1 57. Rf2 Kg6 58. Rf4 Qe2 0-1

[Event "FRA-chT4 1314"]
[Site "Champagne Ardennes"]
[Date "2014.01.12"]
[Round "4"]
[White "Fauchart, Francois"]
[Black "Parisot, Anthony"]
[Result "0-1"]
[WhiteElo "1676"]
[BlackElo "1777"]
[PlyCount "110"]
[EventDate "2013.10.25"]
[EventType "team-tourn"]
[EventRounds "7"]
[EventCountry "FRA"]
[SourceTitle "EXT 2024"]
[Source "ChessBase"]
[SourceDate "2023.10.10"]
[SourceVersion "1"]
[SourceVersionDate "2023.10.10"]
[SourceQuality "1"]

1. d4 d5 2. Nf3 Nf6 3. Bf4 c5 4. e3 Nc6 5. c3 Qb6 6. Qb3 c4 7. Qxb6 axb6 8. Nbd2 Bf5 9. Be2 e6 10. h3 h6 11. 0-0 Be7 12. a4 Bc2 13. Bc7 Nd7 14. Bd1 Bd3 15. Re1 0-0 16. b4 cxb3 17. Bxb3 Rfc8 18. Bh2 Na5 19. Rec1 Rc6 20. Ne1 Bh7 21. Bc2 Rac8 22. Bxh7+ Kxh7 23. e4 dxe4 24. Rab1 f5 25. g4 g6 26. gxf5 gxf5 27. Kf1 Rxc3 28. Rxc3 Rxc3 29. Kg2 Kg6 30. Bg3 Bf6 31. Be5 Bxe5 32. dxe5 Nc6 33. f4 exf3+ 34. Ndxf3 Ra3 35. Rd1 Ndxe5 36. Nxe5+ Nxe5 37. Rd6 Kf6 38. Rxb6 Rxa4 39. Rxb7 Re4 40. Kf1 Re3 41. Rb8 Rxh3 42. Nc2 Rc3 43. Nd4 Rc4 44. Ne2 h5 45. Rh8 h4 46. Rh6+ Ng6 47. Kf2 Kg5 48. Rh7 e5 49. Ng1 e4 50. Rf7 Rc3 51. Ne2 Rd3 52. Ke1 h3 53. Kf2 Rd2 54. Ke3 Rxe2+ 55. Kxe2 h2 0-1

[Event "Charleville Mezieres op 11th"]
[Site "Charleville Mezieres"]
[Date "2014.??.??"]
[Round "2"]
[White "Fauchart, Francois"]
[Black "Recloux, Georges"]
[Result "1-0"]
[WhiteElo "1693"]
[BlackElo "1534"]
[PlyCount "67"]
[EventDate "2014.12.26"]
[EventType "swiss"]
[EventRounds "7"]
[EventCountry "FRA"]
[SourceTitle "CBM 164 Extra"]
[Source "ChessBase"]
[SourceDate "2015.03.02"]
[SourceVersion "1"]
[SourceVersionDate "2015.03.02"]
[SourceQuality "1"]

1. d4 Nf6 2. Nf3 g6 3. Bf4 Bg7 4. Nbd2 d5 5. e3 Nh5 6. Bg5 Nf6 7. h3 Nc6 8. c3 0-0 9. Be2 Re8 10. Bf4 a6 11. 0-0 b5 12. Re1 Nd7 13. Qb3 Nb6 14. e4 e6 15. Bd3 Ra7 16. e5 Bf8 17. h4 Nc4 18. Qc2 f5 19. h5 Be7 20. hxg6 hxg6 21. Bh2 Bg5 22. Nxg5 Qxg5 23. Nf3 Qh6 24. b3 Nb6 25. Qd2 Qxd2 26. Nxd2 Kg7 27. Bf4 Ne7 28. Bg5 Nd7 29. g3 c5 30. Kg2 c4 31. Bc2 Nc6 32. b4 Rh8 33. Rh1 Nb6 34. Bf6+ 1-0

[Event "FRA-chT4"]
[Site "France"]
[Date "2013.04.09"]
[Round "7.6"]
[White "Moine, Patrick"]
[Black "Fauchart, Francois"]
[Result "0-1"]
[WhiteElo "1890"]
[BlackElo "1641"]
[PlyCount "91"]
[EventDate "2012.10.24"]
[EventType "team-swiss"]
[EventRounds "9"]
[EventCountry "FRA"]
[SourceTitle "EXT 2014"]
[Source "ChessBase"]
[SourceDate "2013.11.20"]
[SourceVersion "1"]
[SourceVersionDate "2013.11.20"]
[SourceQuality "1"]

1. d4 d5 2. c4 c6 3. Nc3 Nf6 4. Nf3 e6 5. e3 Bb4 6. Bd2 0-0 7. Bd3 Re8 8. 0-0 Nbd7 9. Re1 e5 10. e4 exd4 11. Nxd4 dxc4 12. Bxc4 Ne5 13. Bg5 Nxc4 14. Bxf6 Qxf6 15. Nde2 Bc5 16. Rf1 Bg4 17. b3 Nd6 18. Qc2 Bxe2 19. Nxe2 Nxe4 20. Ng3 Nxg3 21. hxg3 Bb6 22. Rad1 Rad8 23. Rde1 Rxe1 24. Rxe1 g6 25. g4 Qg5 26. Re4 Qd2 27. Re8+ Kg7 28. Re2 Qxc2 29. Rxc2 Rd1+ 30. Kh2 Rd5 31. g3 f5 32. gxf5 Rxf5 33. Kg2 h5 34. f4 g5 35. fxg5 Kg6 36. Kh3 Kxg5 37. Rc4 Rf2 38. a4 Rf3 39. b4 Bc7 40. Rc5+ Kg6 41. b5 Rxg3+ 42. Kh4 Rg4+ 43. Kh3 Rg5 44. Rc4 Rg3+ 45. Kh4 Rg4+ 46. Kh3 0-1

[Event "Cappelle op 29th"]
[Site "Cappelle la Grande"]
[Date "2013.02.28"]
[Round "7"]
[White "Roche, Laurent"]
[Black "Fauchart, Francois"]
[Result "1-0"]
[WhiteElo "1913"]
[BlackElo "1620"]
[PlyCount "63"]
[EventDate "2013.02.23"]
[EventType "swiss"]
[EventRounds "9"]
[EventCountry "FRA"]
[SourceTitle "CBM 153 Extra"]
[Source "ChessBase"]
[SourceDate "2013.04.22"]
[SourceVersion "1"]
[SourceVersionDate "2013.04.22"]
[SourceQuality "1"]

1. e4 g6 2. d4 d6 3. Nc3 Bg7 4. Nf3 c6 5. h3 a6 6. a4 b6 7. Bc4 e6 8. 0-0 Bb7 9. d5 e5 10. dxc6 Bxc6 11. Ng5 Nh6 12. f4 b5 13. axb5 axb5 14. Rxa8 Qb6+ 15. Kh1 Bxa8 16. Nxb5 Bf8 17. fxe5 Nd7 18. Nxd6+ Bxd6 19. Qxd6 Qxd6 20. exd6 Ne5 21. Bb5+ Bc6 22. Bxc6+ Nxc6 23. Nf3 Ng8 24. e5 Kd7 25. Be3 f6 26. exf6 Nxf6 27. Ne5+ Nxe5 28. Rxf6 Re8 29. Bf4 Nc4 30. Rf7+ Kc6 31. Rc7+ Kd5 32. d7 1-0

[Event "FRA-chT4"]
[Site "France"]
[Date "2013.01.13"]
[Round "4"]
[White "Fauchart, Francois"]
[Black "Aribi, Elyazid"]
[Result "1-0"]
[WhiteElo "1621"]
[BlackElo "1640"]
[PlyCount "131"]
[EventDate "2012.10.24"]
[EventType "team-swiss"]
[EventRounds "9"]
[EventCountry "FRA"]
[SourceTitle "EXT 2014"]
[Source "ChessBase"]
[SourceDate "2013.11.20"]
[SourceVersion "1"]
[SourceVersionDate "2013.11.20"]
[SourceQuality "1"]

1. d4 d5 2. Nf3 Nf6 3. Bf4 c6 4. e3 e6 5. c3 Bd6 6. Ne5 Nbd7 7. Nxf7 Kxf7 8. Bxd6 Nb6 9. Bg3 Rf8 10. Nd2 Kg8 11. Bd3 Qe7 12. 0-0 Nbd7 13. e4 dxe4 14. Bxe4 Nb6 15. Bd3 Re8 16. Re1 Kh8 17. a4 Bd7 18. c4 Qf7 19. a5 Nc8 20. Qb3 b6 21. axb6 Nxb6 22. Ne4 Nxe4 23. Bxe4 Rec8 24. Qc2 Qh5 25. Bf3 Qf7 26. Re5 g6 27. b4 a6 28. h4 Qe7 29. c5 Nd5 30. Bxd5 cxd5 31. Qe2 Rc6 32. Rxd5 Qf7 33. Rd6 Rxd6 34. Bxd6 Bc6 35. Rxa6 Rxa6 36. Qxa6 Bd5 37. Be5+ Kg8 38. Qc8+ Qf8 39. Qxf8+ Kxf8 40. b5 Ke8 41. Kh2 Bc4 42. b6 Bd5 43. f3 Kf7 44. Kg3 h6 45. Kf4 Bc6 46. Bc7 Bd5 47. Ke5 Ke7 48. Bb8 Bc6 49. Kf4 Bd5 50. Be5 Kf7 51. g4 h5 52. Kg3 Bc6 53. Kf4 Bd5 54. gxh5 gxh5 55. Kg5 Bxf3 56. b7 Bxb7 57. Kxh5 Be4 58. Kg5 Kg8 59. Kf6 Bd5 60. Ke7 Kh7 61. Kd6 Kg6 62. c6 Kh5 63. Bf6 Kg6 64. c7 Bb7 65. Kxe6 Bc8+ 66. Ke7 1-0

[Event "La Fere op 11th"]
[Site "La Fere"]
[Date "2012.07.08"]
[Round "2"]
[White "Fauchart, Francois"]
[Black "Cazacu, Gabriela"]
[Result "0-1"]
[WhiteElo "1639"]
[BlackElo "1814"]
[PlyCount "114"]
[EventDate "2012.07.07"]
[EventType "swiss"]
[EventRounds "9"]
[EventCountry "FRA"]
[SourceTitle "CBM 149 Extra"]
[Source "ChessBase"]
[SourceDate "2012.08.24"]
[SourceVersion "1"]
[SourceVersionDate "2012.08.24"]
[SourceQuality "1"]

1. d4 Nf6 2. Nf3 c5 3. c3 b6 4. Bf4 Bb7 5. e3 g6 6. Nbd2 Bg7 7. h3 0-0 8. Be2 d6 9. 0-0 Nc6 10. Re1 a6 11. Bg5 Nh5 12. Bh4 b5 13. Nh2 Nf6 14. Bf3 Qb6 15. Ng4 Nxg4 16. Bxg4 f5 17. Bf3 Kh8 18. a4 Bf6 19. Bxf6+ Rxf6 20. axb5 axb5 21. Rxa8+ Bxa8 22. dxc5 dxc5 23. Qa1 Bb7 24. Rd1 c4 25. b4 Rd6 26. Nf1 Qd8 27. Nh2 e5 28. Rxd6 Qxd6 29. Qd1 Qd3 30. Qxd3 cxd3 31. Nf1 e4 32. Bd1 Ne5 33. Nd2 Bd5 34. f4 Nd7 35. Kf2 Kg7 36. g4 Nb6 37. g5 Ba2 38. Nb3 Nd5 39. Nd4 Nxc3 40. Bb3 d2 41. Bc2 d1Q 42. Bxd1 Nxd1+ 43. Ke2 Nc3+ 44. Kd2 Nd5 45. Nxb5 Nxb4 46. Kc3 Nd3 47. Kd2 Nf2 48. h4 Ng4 49. Nd6 h5 50. gxh6+ Kxh6 51. Nb5 Kh5 52. Nc3 Bc4 53. Nd1 Kxh4 54. Nb2 Bb5 55. Nd1 Kg3 56. Nc3 Bc4 57. Nd1 Kf3 0-1

[Event "FRA-chT3"]
[Site "France"]
[Date "2011.12.11"]
[Round "3"]
[White "Waczecka, Jerome"]
[Black "Fauchart, Francois"]
[Result "1-0"]
[WhiteElo "1726"]
[BlackElo "1654"]
[PlyCount "139"]
[EventDate "2012.01.20"]
[EventType "team-match"]
[EventRounds "9"]
[EventCountry "FRA"]
[SourceTitle "EXT 2014"]
[Source "ChessBase"]
[SourceDate "2013.11.20"]
[SourceVersion "1"]
[SourceVersionDate "2013.11.20"]
[SourceQuality "1"]

1. d4 d5 2. Nf3 Bf5 3. e3 Nf6 4. c4 c6 5. Nc3 e6 6. Be2 Be7 7. 0-0 0-0 8. Qb3 Qb6 9. Qxb6 axb6 10. a3 dxc4 11. Bxc4 b5 12. Bb3 b4 13. Na2 bxa3 14. bxa3 Nbd7 15. Nc3 b5 16. Bb2 Nb6 17. Ne5 Rfc8 18. h3 h6 19. Rfc1 Nbd7 20. Nxd7 Nxd7 21. Bc2 Bxc2 22. Rxc2 b4 23. axb4 Rxa1+ 24. Bxa1 Bxb4 25. Ne4 Nb6 26. Bc3 Be7 27. Ba5 Nd5 28. Kf1 Ra8 29. Bd2 f5 30. Nc5 Kf7 31. Nd7 Ra1+ 32. Ke2 Ra6 33. Ne5+ Kf6 34. Nxc6 Bd6 35. Na5 Bb4 36. Nb3 g5 37. Nc5 Ra7 38. Rb2 Bxc5 39. dxc5 Rc7 40. Rc2 e5 41. c6 Ke6 42. Ba5 Rc8 43. c7 Kd7 44. Rc5 Kd6 45. Rb5 h5 46. Rb8 Kd7 47. Rb5 Kc6 48. Rb8 Kd7 49. Rxc8 Kxc8 50. Kd3 g4 51. Kc4 gxh3 52. gxh3 Nf6 53. f3 f4 54. exf4 e4 55. fxe4 Nxe4 56. Kd4 Nf6 57. Ke5 Nd7+ 58. Kf5 Nc5 59. Bb6 Nd7 60. Ba5 Nc5 61. Kg6 Ne6 62. f5 Nf4+ 63. Kh6 Nxh3 64. Kxh5 Nf4+ 65. Kg5 Nh3+ 66. Kh6 Nf2 67. f6 Ng4+ 68. Kg7 Ne3 69. f7 Nf5+ 70. Kf6 1-0

[Event "La Fere op 10th"]
[Site "La Fere"]
[Date "2011.07.09"]
[Round "9.26"]
[White "Fauchart, Francois"]
[Black "Koechler, Thomas"]
[Result "0-1"]
[WhiteElo "1642"]
[BlackElo "1989"]
[PlyCount "60"]
[EventDate "2011.07.02"]
[EventType "swiss"]
[EventRounds "9"]
[EventCountry "FRA"]
[SourceTitle "EXT 2012"]
[Source "ChessBase"]
[SourceDate "2011.11.24"]
[SourceVersion "1"]
[SourceVersionDate "2011.11.24"]
[SourceQuality "1"]

1. d4 d5 2. Nf3 Nf6 3. Bf4 Bf5 4. Nbd2 Nc6 5. c3 e6 6. e3 Bd6 7. Bg3 0-0 8. Be2 h6 9. 0-0 Bxg3 10. fxg3 Ng4 11. Qb3 Nxe3 12. Qxb7 Nxf1 13. Bxf1 Qd6 14. Qa6 e5 15. Bb5 Ne7 16. Nxe5 Qxa6 17. Bxa6 Ng6 18. Ndf3 Rab8 19. b4 Nxe5 20. Nxe5 f6 21. Nc6 Rb6 22. Ne7+ Kh7 23. b5 Be6 24. a4 Re8 25. Nc6 Bd7 26. a5 Rxa6 27. bxa6 Bxc6 28. Rb1 Re3 29. Rb3 Re1+ 30. Kf2 Ra1 0-1

[Event "La Fere op"]
[Site "La Fere"]
[Date "2010.07.10"]
[Round "9"]
[White "Fauchart, Francois"]
[Black "Parent, Henri"]
[Result "1-0"]
[WhiteElo "1609"]
[BlackElo "1790"]
[PlyCount "69"]
[EventDate "2010.07.03"]
[EventType "swiss"]
[EventRounds "9"]
[EventCountry "FRA"]
[SourceTitle "CBM 137 Extra"]
[Source "ChessBase"]
[SourceDate "2010.09.01"]
[SourceVersion "1"]
[SourceVersionDate "2010.09.01"]
[SourceQuality "1"]

1. d4 Nf6 2. Nf3 d5 3. Bf4 c6 4. Nbd2 Bf5 5. h3 e6 6. e3 Be7 7. Be2 0-0 8. 0-0 b6 9. c3 Nbd7 10. g4 Bg6 11. Nh4 Ne4 12. Nxg6 fxg6 13. Nxe4 dxe4 14. Ba6 e5 15. dxe5 Nc5 16. Qxd8 Raxd8 17. Bc4+ Kh8 18. Rad1 b5 19. Bb3 Nd3 20. Bc2 c5 21. b3 c4 22. a4 a6 23. axb5 axb5 24. bxc4 bxc4 25. Bg3 g5 26. Ba4 Ba3 27. Bb5 Bb2 28. e6 Ba3 29. Bxc4 Rf3 30. Kg2 Rff8 31. Ra1 Rc8 32. Bxd3 exd3 33. Rxa3 Rfe8 34. Rd1 Rxe6 35. Rxd3 1-0

[Event "La Fere op"]
[Site "La Fere"]
[Date "2010.07.08"]
[Round "7"]
[White "Fauchart, Francois"]
[Black "Jimenez Martin, Gustavo"]
[Result "0-1"]
[WhiteElo "1609"]
[BlackElo "2211"]
[PlyCount "122"]
[EventDate "2010.07.03"]
[EventType "swiss"]
[EventRounds "9"]
[EventCountry "FRA"]
[SourceTitle "CBM 137 Extra"]
[Source "ChessBase"]
[SourceDate "2010.09.01"]
[SourceVersion "1"]
[SourceVersionDate "2010.09.01"]
[SourceQuality "1"]

1. d4 d5 2. Nf3 Nf6 3. Bf4 e6 4. Nbd2 Nbd7 5. e3 b6 6. c3 Bb7 7. Be2 Nh5 8. Bg3 Nxg3 9. hxg3 Bd6 10. Bd3 h6 11. Qc2 f5 12. 0-0-0 c5 13. g4 c4 14. Be2 Qf6 15. g5 Qf7 16. g4 0-0-0 17. gxf5 exf5 18. Nh4 g6 19. f4 hxg5 20. fxg5 Bg3 21. Nhf3 Bf2 22. Rxh8 Rxh8 23. Nf1 Re8 24. Qd2 Qe6 25. b3 Bxe3 26. Nxe3 Qxe3 27. Qxe3 Rxe3 28. Kd2 Re8 29. Nh4 cxb3 30. axb3 Rg8 31. Ra1 a5 32. Bb5 Nf8 33. Re1 Nh7 34. Nf3 Rg7 35. b4 axb4 36. cxb4 Kc7 37. Ra1 Re7 38. Rc1+ Kd6 39. Bd3 Nf8 40. b5 Ne6 41. Re1 Rh7 42. Re2 Rh3 43. Rf2 Rg3 44. Ne5 Nxg5 45. Rh2 Ne4+ 46. Ke2 Bc8 47. Rh6 f4 48. Rxg6+ Rxg6 49. Nxg6 Bg4+ 50. Kf1 f3 51. Ne5 Bh3+ 52. Kg1 f2+ 53. Kh2 f1Q 54. Bxf1 Bxf1 55. Nf7+ Ke7 56. Nh6 Bxb5 57. Nf5+ Ke6 58. Ng7+ Kf7 59. Nh5 Bc4 60. Nf4 b5 61. Ng2 b4 0-1

[Event "La Fere op 8th"]
[Site "La Fere"]
[Date "2009.07.07"]
[Round "5"]
[White "Fauchart, Francois"]
[Black "Boudier, Eric"]
[Result "0-1"]
[WhiteElo "1653"]
[BlackElo "1883"]
[PlyCount "70"]
[EventDate "2009.07.04"]
[EventType "swiss"]
[EventRounds "9"]
[EventCountry "FRA"]
[SourceTitle "CBM 131 Extra"]
[Source "ChessBase"]
[SourceDate "2009.09.03"]
[SourceVersion "2"]
[SourceVersionDate "2009.09.16"]
[SourceQuality "1"]

1. d4 Nf6 2. Nf3 b6 3. Bf4 Bb7 4. Nbd2 e6 5. h3 d6 6. e3 Be7 7. Bd3 Nbd7 8. 0-0 Rc8 9. c3 0-0 10. Bc2 c5 11. Re1 d5 12. Bh2 Ne4 13. Nxe4 dxe4 14. Nd2 f5 15. Bb3 Bd5 16. c4 Bb7 17. d5 e5 18. Bc2 Bd6 19. f3 exf3 20. gxf3 Qh4 21. e4 f4 22. Re2 Qxh3 23. Rg2 Rf6 24. Qf1 Rh6 25. Qf2 Be7 26. Rd1 Bh4 27. Qf1 Bg3 28. Qe2 Nf6 29. Nf1 Nh5 30. Nxg3 fxg3 31. Qe1 gxh2+ 32. Kf2 Nf4 33. Qh1 Qh4+ 34. Kf1 Nxg2 35. Kxg2 Rg6+ 0-1

[Event "La Fere op 8th"]
[Site "La Fere"]
[Date "2009.07.06"]
[Round "4"]
[White "Eggink, Gerhard"]
[Black "Fauchart, Francois"]
[Result "1-0"]
[WhiteElo "1979"]
[BlackElo "1653"]
[PlyCount "97"]
[EventDate "2009.07.04"]
[EventType "swiss"]
[EventRounds "9"]
[EventCountry "FRA"]
[SourceTitle "CBM 131 Extra"]
[Source "ChessBase"]
[SourceDate "2009.09.03"]
[SourceVersion "2"]
[SourceVersionDate "2009.09.16"]
[SourceQuality "1"]

1. e4 c5 2. Nf3 Nc6 3. d4 cxd4 4. Nxd4 Nxd4 5. Qxd4 a6 6. Bc4 e6 7. 0-0 Qc7 8. Nc3 b5 9. Bb3 Bb7 10. Kh1 Qc5 11. Qd3 Be7 12. Be3 Qc6 13. Rad1 Nf6 14. f3 d6 15. Ne2 e5 16. Nc3 0-0 17. Bd5 Nxd5 18. Nxd5 Bd8 19. Nb4 Qd7 20. Bc5 Be7 21. Bxd6 Rfd8 22. Bxe7 Qxe7 23. Qb3 Rxd1 24. Rxd1 Rd8 25. Nd5 Kh8 26. c4 Qc5 27. h3 h6 28. cxb5 axb5 29. Qc3 Qxc3 30. Nxc3 Rxd1+ 31. Nxd1 b4 32. Kg1 g6 33. Ne3 Kg7 34. b3 h5 35. Nc2 f5 36. exf5 gxf5 37. Nxb4 Kf6 38. Kf2 e4 39. fxe4 Bxe4 40. g3 Ke5 41. Ke3 Kd6 42. Kd4 Bb1 43. h4 Kc7 44. Kc5 Kb7 45. a4 Be4 46. a5 Ka7 47. Nd5 Ka6 48. b4 Bd3 49. Nf4 1-0

[Event "La Fere op 7th"]
[Site "La Fere"]
[Date "2008.07.08"]
[Round "5"]
[White "Regniez, Jeremy"]
[Black "Fauchart, Francois"]
[Result "1-0"]
[WhiteElo "1750"]
[BlackElo "1580"]
[PlyCount "82"]
[EventDate "2008.07.05"]
[EventType "swiss"]
[EventRounds "9"]
[EventCountry "FRA"]
[SourceTitle "CBM 125 Extra"]
[Source "ChessBase"]
[SourceDate "2008.09.01"]
[SourceVersion "1"]
[SourceVersionDate "2008.09.01"]
[SourceQuality "1"]

1. d4 d5 2. Bg5 Nf6 3. e3 e6 4. Nf3 Be7 5. Nbd2 Nbd7 6. c4 c6 7. Bd3 0-0 8. a3 a6 9. b4 b6 10. 0-0 g6 11. Bh6 Re8 12. Qa4 Bb7 13. Qc2 Bd6 14. c5 bxc5 15. bxc5 Bc7 16. Bg5 Qb8 17. Rab1 Ra7 18. e4 Ng4 19. e5 Kg7 20. h3 f6 21. hxg4 fxg5 22. Nxg5 Qd8 23. f4 Qe7 24. Rf3 Rf8 25. Rbf1 h6 26. Nh3 a5 27. Bxg6 Ba6 28. R1f2 Kh8 29. g5 Kg7 30. gxh6+ Kxh6 31. Ng5 Rh8 32. Nf7+ Kg7 33. Nxh8 Ra8 34. Nf7 Nf8 35. Rg3 Qh4 36. Rff3 Be2 37. Bh5+ Ng6 38. Qxg6+ Kf8 39. Qg7+ Ke8 40. Nd6+ Kd8 41. Qg8+ Kd7 1-0

[Event "La Fere op 7th"]
[Site "La Fere"]
[Date "2008.07.07"]
[Round "4"]
[White "Fauchart, Francois"]
[Black "Delahaye, Marc"]
[Result "1/2-1/2"]
[WhiteElo "1580"]
[BlackElo "1610"]
[PlyCount "58"]
[EventDate "2008.07.05"]
[EventType "swiss"]
[EventRounds "9"]
[EventCountry "FRA"]
[SourceTitle "CBM 125 Extra"]
[Source "ChessBase"]
[SourceDate "2008.09.01"]
[SourceVersion "1"]
[SourceVersionDate "2008.09.01"]
[SourceQuality "1"]

1. e4 e6 2. g3 d5 3. Bg2 Nf6 4. c3 Bd7 5. exd5 exd5 6. d4 Bd6 7. Ne2 0-0 8. 0-0 c5 9. Bf4 Bc6 10. Bxd6 Qxd6 11. dxc5 Qxc5 12. b4 Qb6 13. a4 a6 14. a5 Qd8 15. Nf4 Re8 16. Re1 Rxe1+ 17. Qxe1 d4 18. Na3 Bxg2 19. Kxg2 Nc6 20. Rd1 g5 21. Nd3 Qd5+ 22. Kg1 Re8 23. Qd2 Ne4 24. c4 Qf5 25. Qb2 Nc3 26. Re1 Rxe1+ 27. Nxe1 Qe4 28. Qd2 h6 29. Nac2 f5 1/2-1/2

[Event "Charleville Mezieres op 5th"]
[Site "Charleville Mezieres"]
[Date "2008.??.??"]
[Round "5"]
[White "Fauchart, Francois"]
[Black "Guyon, Jean Paul"]
[Result "0-1"]
[WhiteElo "1530"]
[BlackElo "1712"]
[PlyCount "64"]
[EventDate "2008.12.26"]
[EventType "swiss"]
[EventRounds "7"]
[EventCountry "FRA"]
[SourceTitle "CBM 128 Extra"]
[Source "ChessBase"]
[SourceDate "2009.03.05"]
[SourceVersion "2"]
[SourceVersionDate "2009.03.25"]
[SourceQuality "1"]

1. d4 b6 2. c4 Bb7 3. Nc3 e6 4. e4 Bb4 5. d5 Nf6 6. Bd3 0-0 7. Bg5 Re8 8. Nge2 e5 9. 0-0 Be7 10. Ng3 d6 11. Nf5 Nbd7 12. b4 Rf8 13. f4 exf4 14. Rxf4 Ne5 15. Nxe7+ Qxe7 16. Bxf6 gxf6 17. Bc2 Kh8 18. Qh5 Rg8 19. Rh4 Rg7 20. Ne2 Rag8 21. Ng3 Bc8 22. Rf1 Ng6 23. e5 Nxh4 24. exf6 Qe3+ 25. Kh1 Rg6 26. Qxh4 Rh6 27. Nh5 Rg4 28. Re1 Rxh5 29. Rxe3 Rhxh4 30. Re7 Rg8 31. Rxf7 Rh5 32. Rxc7 Bf5 0-1